|
|
|
|
| LEADER |
00784nta a2200193 i 4500 |
| 001 |
dipl50375 |
| 005 |
20160415141709.0 |
| 008 |
150415s2011 hu om 0|| zxx d |
| 040 |
|
|
|a SZTE Diploma Repozitórium
|b hun
|
| 041 |
|
|
|a zxx
|
| 100 |
1 |
|
|a Simon Tímea
|
| 245 |
1 |
0 |
|a Egydimenziós cérium-foszfát nanoszerkezetek előállítása és jellemzése
|h [elektronikus dokumentum] /
|c Tímea Simon
|
| 246 |
1 |
0 |
|a Synthesis and characterization of one-dimensional cerium-phosphate nanostructures
|h [elektronikus dokumentum]
|
| 260 |
|
|
|c 2011
|
| 650 |
|
4 |
|a Természettudományok
|
| 650 |
|
4 |
|a Natural sciences
|
| 700 |
0 |
1 |
|a Kónya Zoltán
|e ths
|
| 700 |
0 |
1 |
|a Pusztai Péter
|e ths
|
| 856 |
4 |
0 |
|u https://diploma.bibl.u-szeged.hu/id/eprint/50375/1/2012_Simon_T%C3%ADmea_SITNABT_SZE_SZ.pdf
|z Dokumentum-elérés
|